| 000 | 00418nam a2200145 4500 | ||
|---|---|---|---|
| 001 | 16557 | ||
| 005 | 20230411085950.0 | ||
| 008 | 060907n1998 dr spa | ||
| 035 | _9funglode16691 | ||
| 041 | _aFR | ||
| 245 | 0 |
_aGuide de l' adherent : _bHistorie, identite et fonctionnement du parti socialiste |
|
| 260 |
_a[s.l.] : _bFormationsecretariat national, _c1998 |
||
| 300 | _a71 p. | ||
| 942 |
_2lcc _cbk |
||
| 999 |
_c110125 _d110125 |
||